logo

Bir Sreshtho Munshi Abdur Rouf Library
Jhenaidah Cadet College

Introductory sociology / (Record no. 8663)

MARC details
000 -LEADER
fixed length control field 00994cam a2200313Ii 4500
001 - CONTROL NUMBER
JCCL Control Number 8663
003 - CONTROL NUMBER IDENTIFIER
JCCL marc code BD-JhCC
005 - DATE AND TIME OF LATEST TRANSACTION
control field 20180301093653.0
008 - FIXED-LENGTH DATA ELEMENTS--GENERAL INFORMATION
fixed length control field 790420r19481948ilu 000 0 eng d
035 ## - SYSTEM CONTROL NUMBER
system control number ocm04876979
035 ## - SYSTEM CONTROL NUMBER
system control number (BD-JhCC)8663
035 ## - SYSTEM CONTROL NUMBER
system control number 132950
040 ## - CATALOGING SOURCE
Original cataloging agency FUT
Transcribing agency FUT
Modifying agency CSU
-- OCL
-- CUD
041 ## - LANGUAGE CODE
Language code of Book eng
082 ## - DEWEY DECIMAL CLASSIFICATION NUMBER
Classification number 301
Author mark and Year SUT 1961
090 ## - LOCALLY ASSIGNED LC-TYPE CALL NUMBER (OCLC); LOCAL CALL NUMBER (OCLC)
Classification number (OCLC) (R) ; Classification number, CALL (RLIN) (NR) HM66
Local cutter number (OCLC) ; Book number/undivided call number, CALL (RLIN) .S88 1948a
100 1# - MAIN ENTRY--PERSONAL NAME
Personal name Sutherland, Robert L.
Fuller form of name (Robert Lee)
245 10 - TITLE STATEMENT
Title Introductory sociology /
Statement of responsibility, etc Robert L. Sutherland [and] Julian L. Woodward.
250 ## - EDITION STATEMENT
Edition statement 3d ed.
260 ## - PUBLICATION, DISTRIBUTION, ETC. (IMPRINT)
Place of publication, distribution, etc Chicago,
-- Philadelphia [etc.] :
Name of publisher, distributor, etc Reprinted for the United States Armed Forces Institute by J.B. Lippincott Co.,
Date of publication, distribution, etc c1948.
300 ## - PHYSICAL DESCRIPTION
Pagination 402 p. :
Other physical details ill., maps.
Dimensions 23 cm.
490 0# - SERIES STATEMENT
Series statement Education manual,
Volume number/sequential designation MA495
504 ## - BIBLIOGRAPHY, ETC. NOTE
Bibliography, etc Includes bibliographies.
650 #0 - SUBJECT ADDED ENTRY--TOPICAL TERM
Topical term or geographic name as entry element Sociology
700 1# - ADDED ENTRY--PERSONAL NAME
Personal name Woodward, Julian Laurence,
Dates associated with a name 1900-
710 2# - ADDED ENTRY--CORPORATE NAME
Corporate name or jurisdiction name as entry element United States Armed Forces Institute.
942 ## - ADDED ENTRY ELEMENTS (KOHA)
Source of classification or shelving scheme Dewey Decimal Classification
Koha item type Books
Holdings
Source of classification or shelving scheme Damaged status Not for loan Home library Current library Shelving location Date of accession Total Checkouts Full call number Barcode Date last seen Copy number Koha item type
Dewey Decimal Classification     JCC Rouf Library JCC Rouf Library General Stacks 03/01/2018   301 SUT 1961 10484 03/01/2018 C - 1 Books

JCC Library | Contacts | JCC Home

Last Update on 23 September 2017
Copyright @ 2017-2020 JCC Rouf Library
Rouf Library, Jhenidah Cadet College (JCC), Bangladesh